书目信息 |
| 题名: |
妇幼营养
|
|
| 作者: | 庞文贞 , 苏祖斐 编 | |
| 分册: | ||
| 出版信息: | 上海 上海科学技术文献出版社 1982 |
|
| 页数: | 131页 | |
| 开本: | 19cm | |
| 丛书名: | ||
| 单 册: | ||
| 中图分类: | R153.1 | |
| 科图分类: | ||
| 主题词: | 营养卫生:妇幼卫生 , 妇幼卫生:营养卫生 | |
| 电子资源: | ||
| ISBN: | ||
| 000 | 00665nam0 2200253 45 | |
| 001 | 0182005207 | |
| 005 | 20060809164712.35 | |
| 010 | @dCNY0.45 | |
| 091 | @a14192.16 | |
| 100 | @a19950607d1982 em y0chiy0121 ea | |
| 101 | 0 | @achi |
| 102 | @aCN@b310000 | |
| 105 | @ay z 000yy | |
| 200 | 10 | @a妇幼营养@Afu you ying yang@f苏祖斐,庞文贞编 |
| 210 | @a上海@c上海科学技术文献出版社@d1982 | |
| 215 | @a131页@d19cm | |
| 606 | @a营养卫生:妇幼卫生 | |
| 606 | @a妇幼卫生:营养卫生 | |
| 690 | @aR153.1@v3 | |
| 701 | 0 | @a庞文贞@Apang wen zhen@4编 |
| 701 | 0 | @a苏祖斐@Asu zu fei@4编 |
| 801 | 2 | @aCN@bNLC@c20060809 |
| 801 | 0 | @aCN@bTSSF |
| 905 | @a10447@dR153.1@e38 | |
| 妇幼营养/苏祖斐,庞文贞编.-上海:上海科学技术文献出版社,1982 |
| 131页;19cm |
| ISBN :CNY0.45 |
| ● |
| 相关链接 |
|
|
|
|
正题名:妇幼营养
索取号:R153.1/38
 
预约/预借
| 序号 | 登录号 | 条形码 | 馆藏地/架位号 | 状态 | 备注 |
| 1 | 0451955 | 204519556 | 密集书库/ [索取号:R153.1/38] | 在馆 |